Historia de la literatura cubana / (Record no. 109529)

MARC details
000 -LEADER
campo de control de longitud fija 01039nam a2200277 i 4500
001 - NÚMERO DE CONTROL
campo de control 109529
003 - IDENTIFICADOR DE NÚMERO DE CONTROL
campo de control ES-MaACL
005 - FECHA Y HORA DE LA ÚLTIMA TRANSACCIÓN
campo de control 20251120105418.0
007 - CAMPO FIJO DE DESCRIPCIÓN FÍSICA--INFORMACIÓN GENERAL
campo de control de longitud fija t|
008 - DATOS DE LONGITUD FIJA--INFORMACIÓN GENERAL
campo de control de longitud fija 061121q1918 sp |||| |dspa d
080 ## - NÚMERO DE LA CLASIFICACIÓN DECIMAL UNIVERSAL
Número de la Clasificación Decimal Universal 821.134.2(729.1).09
100 1# - ENTRADA PRINCIPAL--NOMBRE DE PERSONA
Nombre de persona Mitjans, Aurelio.
9 (RLIN) 81698
245 10 - MENCIÓN DEL TÍTULO
Título Historia de la literatura cubana /
Mención de responsabilidad, etc. Aurelio Mitjans ; prólogo de Rafael Montoro .
Resto del título La vida y la obra de Mitjans / por Manuel de la Cruz.
260 ## - PUBLICACIÓN, DISTRIBUCIÓN, ETC.
Lugar de publicación, distribución, etc. Madrid :
Nombre del editor, distribuidor, etc. [s. n.],
Fecha de publicación, distribución, etc. [1918?] (
Fabricante Imp. Juan Pueyo)
300 ## - DESCRIPCIÓN FÍSICA
Extensión 389 p. ;
Dimensiones 19 x 13 cm.
530 ## - NOTA DISPONIBLE DE FORMULARIO FÍSICO ADICIONAL
Nota de formato físico adicional disponible Disponible en formato digital.
600 14 - PUNTO DE ACCESO ADICIONAL DE MATERIA--NOMBRE DE PERSONA
Nombre de persona Mitjans, Aurelio.
9 (RLIN) 81698
650 #4 - PUNTO DE ACCESO ADICIONAL DE MATERIA--TÉRMINO DE MATERIA
Término de materia o nombre geográfico como elemento de entrada Literatura cubana-
Subdivisión general Historia y crítica.
9 (RLIN) 14531
700 1# - ENTRADA AGREGADA--NOMBRE PERSONAL
Nombre de persona Montoro, Rafael,
Fechas asociadas al nombre 1852-1933
9 (RLIN) 82692
700 1# - ENTRADA AGREGADA--NOMBRE PERSONAL
Nombre de persona Cruz, Manuel de la,
Fechas asociadas al nombre 1861-1896
9 (RLIN) 162767
740 32 - ENTRADA AGREGADA--TÍTULO RELACIONADO/ANALÍTICO NO CONTROLADO
Título relacionado o analítico no controlado La vida y la obra de Mitjans.
852 ## - LOCALIZACIÓN
Ubicación ES-MaACL
Número de control de estantería F-10935
Ubicación en estantería Sala Pecera Depósito 2
856 4# - LOCALIZACIÓN Y ACCESO ELECTRÓNICOS
Identificador Uniforme de Recursos <a href="http://bdh-rd.bne.es/viewer.vm?id=0000043266&page=1 ">http://bdh-rd.bne.es/viewer.vm?id=0000043266&page=1 </a>
Texto de enlace (Biblioteca Digital Hispánica)
942 ## - ELEMENTOS DE ENTRADA SECUNDARIOS (KOHA)
Fuente del sistema de clasificación o colocación Clasificación decimal universal
Holdings
Estatus retirado Estado de pérdida Estado de daño No para préstamo Colección Biblioteca de origen Biblioteca actual Ubicación en estantería Fecha de adquisición Fuente de adquisición Total de préstamos Signatura topográfica completa Código de barras Visto por última vez Precio de reemplazo Tipo de ítem Koha
        Colección digital Biblioteca del Ateneo de Madrid Biblioteca del Ateneo de Madrid Sala Pecera Planta 2 17/01/2008     F-10935 1114281 23/02/2023 23/02/2023 Libro impreso